Water and wastewater technology / (Record no. 5142)

MARC details
000 -LEADER
fixed length control field 00721nac a22002051u 4500
020 ## - INTERNATIONAL STANDARD BOOK NUMBER
International Standard Book Number 013197307*
082 ## - DEWEY DECIMAL CLASSIFICATION NUMBER
Classification number 628.1
Item number HAM
090 ## - LOCALLY ASSIGNED LC-TYPE CALL NUMBER (OCLC); LOCAL CALL NUMBER (OCLC)
-- 5142
-- 5142
100 ## - MAIN ENTRY--PERSONAL NAME
Personal name Hammer, Mark J.
245 ## - TITLE STATEMENT
Title Water and wastewater technology /
Statement of responsibility, etc Mark J. Hammer, Mark J. Hammer, Jr.
250 ## - EDITION STATEMENT
Edition statement 5th ed. in SI,
260 ## - PUBLICATION, DISTRIBUTION, ETC. (IMPRINT)
Place of publication, distribution, etc Upper Saddle River, N.J. :
Name of publisher, distributor, etc Prentice Hall/Pearson Education International,2005
Date of publication, distribution, etc 2005.
300 ## - PHYSICAL DESCRIPTION
Extent vii, 540 p. :
Other physical details ill. ;
Dimensions 26 cm.
500 ## - GENERAL NOTE
General note Previous ed.: 2001.
504 ## - BIBLIOGRAPHY, ETC. NOTE
Bibliography, etc Includes bibliographical references and index.
650 ## - SUBJECT ADDED ENTRY--TOPICAL TERM
Topical term or geographic name as entry element Water-supply engineering.
650 ## - SUBJECT ADDED ENTRY--TOPICAL TERM
Topical term or geographic name as entry element Sewage disposal.
700 ## - ADDED ENTRY--PERSONAL NAME
Personal name Hammer, Mark J.,
Dates associated with a name 1957-
942 ## - ADDED ENTRY ELEMENTS (KOHA)
Item type Book - Borrowing
Call number prefix 628.1HAM
Holdings
Withdrawn status Item status Damaged status Not for loan Home library Current library Shelving location Date acquired Source of acquisition Total Checkouts Full call number Barcode Date last seen Koha item type
        Central Library Central Library First floor 18/10/2007 Purchase   628.1HAM 000006079 15/07/2025 Book - Borrowing